[Event "GER-chT Lands U20"]
[Site "Hannover"]
[Date "2023.10.02"]
[Round "3"]
[White "Kovalskyy, Alicia"]
[Black "Mehner, Clara"]
[Result "1-0"]
[WhiteElo "1524"]
[BlackElo "1290"]
[PlyCount "65"]
[EventDate "2023.10.01"]
[EventType "team-swiss"]
[EventRounds "7"]
[EventCountry "GER"]
[SourceTitle "EXT 2024"]
[Source "ChessBase"]
[SourceDate "2023.10.10"]
[SourceVersion "1"]
[SourceVersionDate "2023.10.10"]
[SourceQuality "1"]

1. e4 e6 2. d4 d5 3. Nc3 Nf6 4. Bg5 Be7 5. e5 Nfd7 6. Bxe7 Qxe7 7. f4 0-0 8. Nf3 a6 9. Bd3 h6 10. g4 Re8 11. g5 h5 12. g6 f6 13. Nd2 fxe5 14. Qxh5 Qf6 15. fxe5 Qf4 16. Qh7+ Kf8 17. Rf1 Qxf1+ 18. Bxf1 Nc6 19. Qh8+ Ke7 20. Qxg7+ Kd8 21. Qh6 Ne7 22. Bd3 c5 23. Nf3 cxd4 24. Ne2 Nc5 25. Nexd4 Bd7 26. h4 Kc7 27. h5 Rh8 28. Qg5 Nc6 29. g7 Nxd3+ 30. cxd3 Rhg8 31. h6 Rge8 32. h7 Ne7 33. Rc1+ 1-0

[Event "GER-ch U12 Girls"]
[Site "Willingen"]
[Date "2023.06.03"]
[Round "9"]
[White "Czaeczine, Paula"]
[Black "Mehner, Clara"]
[Result "1-0"]
[WhiteElo "1549"]
[BlackElo "1250"]
[PlyCount "91"]
[EventDate "2023.05.27"]
[EventType "swiss"]
[EventRounds "9"]
[EventCountry "GER"]
[SourceTitle "CBM 214 Extra"]
[Source "ChessBase"]
[SourceDate "2023.07.31"]
[SourceVersion "1"]
[SourceVersionDate "2023.07.31"]
[SourceQuality "1"]

1. e4 Nc6 2. Nf3 d5 3. exd5 Qxd5 4. Nc3 Qa5 5. d4 Bg4 6. Be2 0-0-0 7. Be3 Nf6 8. 0-0 e5 9. Ng5 Bxe2 10. Qxe2 exd4 11. Nxf7 dxe3 12. Nxd8 exf2+ 13. Rxf2 Nxd8 14. Rf3 Bc5+ 15. Kh1 h5 16. a3 h4 17. Rd1 Bb6 18. Qe7 Qg5 19. Rfd3 c6 20. Na4 Bc7 21. Nc5 Nf7 22. Qxf7 Qxc5 23. Qxg7 Rf8 24. b4 Rg8 25. Qxg8+ Nxg8 26. bxc5 Nf6 27. Rf3 Be5 28. Re1 Nd7 29. Rf7 Bf6 30. Re6 Bg5 31. Rg6 Bd8 32. Rf5 a6 33. Kg1 Kc7 34. Rg7 Kc8 35. Kf2 b6 36. cxb6 Bxb6+ 37. Kf3 a5 38. Kg4 Bc5 39. Rxd7 Kxd7 40. Rxc5 a4 41. Kxh4 Kc7 42. g4 Kd7 43. g5 Ke7 44. Rf5 Ke6 45. Rf1 c5 46. g6 1-0

[Event "GER-ch U12 Girls"]
[Site "Willingen"]
[Date "2023.05.31"]
[Round "5"]
[White "Mehner, Clara"]
[Black "Malagatte, Samiksha"]
[Result "1-0"]
[WhiteElo "1250"]
[BlackElo "1214"]
[PlyCount "61"]
[EventDate "2023.05.27"]
[EventType "swiss"]
[EventRounds "9"]
[EventCountry "GER"]
[SourceTitle "CBM 214 Extra"]
[Source "ChessBase"]
[SourceDate "2023.07.31"]
[SourceVersion "1"]
[SourceVersionDate "2023.07.31"]
[SourceQuality "1"]

1. e4 e5 2. Nf3 Nc6 3. Bb5 a6 4. Ba4 Nf6 5. Qe2 Be7 6. c3 b5 7. Bc2 0-0 8. 0-0 d5 9. d3 h6 10. Rd1 Bd6 11. d4 Bb7 12. exd5 Nxd5 13. dxe5 Nxe5 14. Nxe5 Re8 15. f4 f6 16. Qd3 fxe5 17. Qh7+ Kf8 18. Bg6 Qh4 19. Qh8+ Ke7 20. Qxg7+ Kd8 21. Bxe8 Kxe8 22. fxe5 Bc5+ 23. Kh1 Qe4 24. Bxh6 Bc6 25. Nd2 Qh4 26. e6 Bd6 27. Nf3 Qe4 28. Qg8+ Ke7 29. Bg5+ Nf6 30. Bxf6+ Kxf6 31. Qf7# 1-0

[Event "Bayern Jubilar U12"]
[Site "Bayreuth"]
[Date "2022.08.29"]
[Round "4"]
[White "Mehner, Clara"]
[Black "Bako, Isabella"]
[Result "1-0"]
[WhiteElo "1150"]
[BlackElo "1251"]
[PlyCount "65"]
[EventDate "2022.08.27"]
[EventType "swiss"]
[EventRounds "7"]
[EventCountry "GER"]
[SourceTitle "EXT 2023"]
[Source "ChessBase"]
[SourceDate "2022.10.05"]
[SourceVersion "1"]
[SourceVersionDate "2022.10.05"]
[SourceQuality "1"]

1. e4 c5 2. Nf3 d6 3. d4 cxd4 4. Nxd4 Nf6 5. Nc3 g6 6. Bg5 Bg7 7. Bc4 Nc6 8. Nf3 0-0 9. Qd2 Bd7 10. 0-0 Rc8 11. Rad1 Bg4 12. Be2 Qa5 13. h3 Be6 14. a3 Ne5 15. Nxe5 Qxe5 16. Bf4 Qa5 17. Bf3 Nd7 18. Nd5 Qxd2 19. Nxe7+ Kh8 20. Rxd2 Rce8 21. Bxd6 Rd8 22. b3 Nb6 23. Rfd1 Rfe8 24. Bc5 Rxd2 25. Rxd2 Bc3 26. a4 Rxe7 27. Rd8+ Kg7 28. Bxe7 Bd7 29. e5 Bxe5 30. a5 Nc8 31. Rxd7 Nxe7 32. Rxe7 Bf6 33. Rxb7 1-0

[Event "Bayern Jubilar U12"]
[Site "Bayreuth"]
[Date "2022.08.28"]
[Round "2"]
[White "Mehner, Clara"]
[Black "Cwiklik, Jonah"]
[Result "0-1"]
[WhiteElo "1150"]
[BlackElo "1069"]
[PlyCount "78"]
[EventDate "2022.08.27"]
[EventType "swiss"]
[EventRounds "7"]
[EventCountry "GER"]
[SourceTitle "EXT 2023"]
[Source "ChessBase"]
[SourceDate "2022.10.05"]
[SourceVersion "1"]
[SourceVersionDate "2022.10.05"]
[SourceQuality "1"]

1. e4 e5 2. Nf3 Nc6 3. d4 exd4 4. Bc4 Bb4+ 5. c3 dxc3 6. 0-0 d6 7. bxc3 Ba5 8. Bb2 Nf6 9. Nbd2 Bg4 10. Qb3 Qd7 11. Rfe1 0-0 12. Qc2 Rad8 13. Rab1 Ne5 14. Nxe5 dxe5 15. Nf1 Qc6 16. Ne3 Bb6 17. Bd5 Qd6 18. Bxb7 Rb8 19. Ba6 Bxe3 20. Bc4 Bd2 21. Rf1 Rfd8 22. Kh1 Be6 23. Be2 Qc6 24. f3 Bxa2 25. Ra1 Bb3 26. Qb1 Bxc3 27. Bxc3 Qxc3 28. Ra3 Qd2 29. Ba6 Bc4 30. Qc1 Bxf1 31. Qxf1 Nh5 32. g3 Qh6 33. Qg2 Rd1+ 34. Bf1 Rxf1+ 35. Qxf1 Nxg3+ 36. Kg2 Nxf1 37. Kxf1 Qxh2 38. Ra1 Rb2 39. Ke1 Qg1# 0-1

[Event "GER-ch U12 Girls"]
[Site "Willingen"]
[Date "2022.06.08"]
[Round "6"]
[White "Mehner, Clara"]
[Black "Richter, Johanna"]
[Result "0-1"]
[WhiteElo "1056"]
[BlackElo "1363"]
[PlyCount "116"]
[EventDate "2022.06.04"]
[EventType "swiss"]
[EventRounds "9"]
[EventCountry "GER"]
[SourceTitle "CBM 208 Extra"]
[Source "ChessBase"]
[SourceDate "2022.07.31"]
[SourceVersion "1"]
[SourceVersionDate "2022.07.31"]
[SourceQuality "1"]

1. e4 c5 2. Nf3 Nc6 3. d4 cxd4 4. Nxd4 Nf6 5. f3 e5 6. Nb5 d6 7. c4 a6 8. N5a3 Be7 9. Nc3 0-0 10. Be2 Nh5 11. Be3 Kh8 12. 0-0 f5 13. f4 Nxf4 14. Bxf4 exf4 15. Rxf4 Qb6+ 16. Kh1 Qxb2 17. Qc1 Qxc1+ 18. Rxc1 Bg5 19. Rcf1 Bxf4 20. Rxf4 Bd7 21. Nd5 fxe4 22. Rxe4 Rae8 23. Rxe8 Rxe8 24. Nc3 Nd4 25. Bf1 b5 26. cxb5 Nxb5 27. Naxb5 Bxb5 28. Nxb5 axb5 29. a3 Ra8 30. Bxb5 Rxa3 31. Kg1 Ra2 32. Kf1 Rb2 33. Bc4 h6 34. Bd5 g5 35. h3 Kg7 36. Kg1 Kf6 37. g3 Ke5 38. Bf3 d5 39. h4 gxh4 40. gxh4 d4 41. Kf1 Kf4 42. Be2 Kg3 43. Ke1 Kxh4 44. Bd3 Kg3 45. Be2 Rxe2+ 46. Kxe2 h5 47. Kd3 h4 48. Kxd4 h3 49. Ke3 h2 50. Kd4 h1Q 51. Ke5 Qh4 52. Kd5 Kf3 53. Ke5 Ke3 54. Kd5 Qe4+ 55. Kc5 Qd4+ 56. Kc6 Qe5 57. Kb6 Qd5 58. Kc7 Kd4 0-1

[Event "GER-ch U10 Girls"]
[Site "Willingen"]
[Date "2021.08.28"]
[Round "9"]
[White "Czaeczine, Paula"]
[Black "Mehner, Clara"]
[Result "1-0"]
[WhiteElo "1127"]
[BlackElo "1159"]
[PlyCount "79"]
[EventDate "2021.08.22"]
[EventType "swiss"]
[EventRounds "11"]
[EventCountry "GER"]
[SourceTitle "EXT 2022"]
[Source "ChessBase"]
[SourceDate "2021.10.06"]
[SourceVersion "1"]
[SourceVersionDate "2021.10.06"]
[SourceQuality "1"]

1. e4 e5 2. Nf3 Nc6 3. d4 exd4 4. Nxd4 Qh4 5. Nb5 Qxe4+ 6. Be2 Kd8 7. 0-0 a6 8. N5c3 Qg6 9. Nd2 Bc5 10. Nde4 Bb6 11. Bh5 Qf5 12. Ng5 Nh6 13. g4 Qc5 14. Bxf7 Qd4 15. Qxd4 Nxd4 16. Bb3 Rf8 17. Nxh7 Nxb3 18. Bg5+ Ke8 19. Rae1+ Kf7 20. Re7+ Kg8 21. Nxf8 Nd2 22. Bxd2 Kxf8 23. Re4 d6 24. h3 Bd7 25. Nd5 Bc6 26. Nxb6 cxb6 27. Re6 Nf7 28. Bf4 d5 29. Rfe1 Rc8 30. Re7 g5 31. Bg3 d4 32. Rc7 Rd8 33. Ree7 Bd5 34. Red7 Re8 35. Rxd5 Nd8 36. Rf5+ Kg8 37. Rxg5+ Kh8 38. Be5+ Rxe5 39. Rxe5 Kg8 40. Re8# 1-0

[Event "GER-ch U10 Girls"]
[Site "Willingen"]
[Date "2021.08.28"]
[Round "10"]
[White "Mehner, Clara"]
[Black "Wilke, Ronja"]
[Result "0-1"]
[WhiteElo "1159"]
[BlackElo "823"]
[PlyCount "90"]
[EventDate "2021.08.22"]
[EventType "swiss"]
[EventRounds "11"]
[EventCountry "GER"]
[SourceTitle "EXT 2022"]
[Source "ChessBase"]
[SourceDate "2021.10.06"]
[SourceVersion "1"]
[SourceVersionDate "2021.10.06"]
[SourceQuality "1"]

1. e4 e5 2. d4 d6 3. Nf3 exd4 4. Nxd4 g6 5. Bc4 Bg7 6. 0-0 Nf6 7. Nc3 0-0 8. Bg5 Re8 9. h3 Qd7 10. Re1 Nxe4 11. Rxe4 Rxe4 12. Nxe4 d5 13. Nf6+ Bxf6 14. Bxf6 dxc4 15. Qd2 Qd6 16. Qg5 Nc6 17. Re1 Bd7 18. Nb5 Qf8 19. Nxc7 Rc8 20. Nd5 Re8 21. Rd1 h6 22. Qh4 b5 23. Nc7 Re2 24. Rxd7 Kh7 25. Nxb5 Qb8 26. Rxf7+ Kg8 27. Qxc4 Re1+ 28. Qf1 Rxf1+ 29. Kxf1 Qxb5+ 30. Kg1 Kxf7 31. Bc3 Qe2 32. a3 Qd1+ 33. Kh2 Qxc2 34. f3 Nd8 35. Bd4 Qc7+ 36. Kg1 Qg3 37. Kf1 Ne6 38. Bf2 Qh2 39. Bxa7 Nf4 40. Ke1 Qxg2 41. Kd1 Qxf3+ 42. Kc1 Qxh3 43. Bb6 g5 44. Kc2 Qd3+ 45. Kc1 Ne2# 0-1